000 00512nam a2200169Ia 4500
999 _c15242
_d15242
003 OSt
005 20200606115824.0
008 190216s9999||||xx |||||||||||||| ||und||
040 _cMESKC library
082 _a891.43
_bSHA/R
100 _aSharma, Devendranath
_9219
245 0 _aRashtrabhasha Hindi Samasyem Aur Samadhan /
_cDevendranath Sharma
260 _bRajkamala Prakashan,
_aDelhi:
_c1966.
300 _a208p
650 _aHindi
942 _cBK
_2ddc
_h891.43
_iSHA/R
_k891.43
_mSHA/R